| Tag |
First Indicator |
Second Indicator |
Subfields |
| LEADER |
00000nam a2200000Ia 4500 |
| 001 |
in00004266360 |
| 005 |
20200810073149.0 |
| 006 |
m g d |
| 007 |
cr bn |||a|bb| |
| 008 |
850710s1680 enk o 00| | eng d |
| 035 |
|
|
|a (OCoLC)12248971
|
| 040 |
|
|
|a EAI
|c EAI
|d WaOLN
|
| 037 |
|
|
|a CL0037000053
|b ProQuest Information and Learning. 300 N. Zeeb Rd., Ann Arbor, MI 48106
|
| 049 |
|
|
|a EAIA
|
| 090 |
|
|
|a BX2220
|b .P76
|
| 100 |
0 |
|
|a Protestant.
|
| 245 |
1 |
4 |
|a The great idol of the masse overthrown in 24 arguments :
|b wherein the doctrine of transubstantiation is fully refuted in a sermon preached upon Luke 22 the latter part of the 19th verse /
|c by a Protestant.
|
| 260 |
|
|
|a London :
|b Printed for Enoch Proffer ...,
|c 1680.
|
| 300 |
|
|
|a 1 online resource ([2], 14 pages)
|
| 336 |
|
|
|a text
|b txt
|2 rdacontent
|
| 337 |
|
|
|a computer
|b c
|2 rdamedia
|
| 338 |
|
|
|a online resource
|b cr
|2 rdacarrier
|
| 500 |
|
|
|a Imperfect: print showthrough with slight loss of printing.
|
| 500 |
|
|
|a Reproduction of original in the Huntington Library.
|
| 510 |
4 |
|
|a Wing
|c G1706.
|
| 533 |
|
|
|a Electronic reproduction.
|b Ann Arbor, Mich. :
|c UMI,
|d 1999-
|f (Early English books online)
|n Digital version of: (Early English books, 1641-1700 ; 1504:33)
|7 s1999 miun s
|
| 650 |
|
0 |
|a Transubstantiation
|v Controversial literature.
|
| 650 |
|
0 |
|a Theology, Doctrinal.
|
| 830 |
|
0 |
|a Early English books online.
|
| 856 |
4 |
0 |
|u http://proxy.library.tamu.edu/login?url=https://search.proquest.com/docview/2240949552
|z Connect to the full text of this electronic book
|t 0
|
| 999 |
f |
f |
|s e35874ec-13e6-3ed2-b702-b7674096b422
|i 69a24b81-c66d-393d-ba2b-4772aab61298
|t 0
|
| 952 |
f |
f |
|a Texas A&M University
|b College Station
|c Electronic Resources
|d Available Online
|t 0
|e BX2220 .P76
|h Library of Congress classification
|
| 998 |
f |
f |
|a BX2220 .P76
|t 0
|l Available Online
|